000 00596nam a2200217Ia 4500
003 OSt
005 20220928141241.0
006 a|||||r|||| 00| 0
007 ta
008 220927b |||||||| |||| 00| 0 eng d
024 _a14188
037 _cTextual
040 _aSDCL
_cSDCL
_beng
041 _2eng
_aeng
082 _aO-,M:g(S :521), L4
100 _aMartin Robert Bernard
_9499473
245 0 _aTriumph of wit
_b A study of victorian comic theory.
260 _c1974
942 _hO-,M:g(S :521), L4
_cTEXL
_2CC
999 _c816597
_d816597